[Event "Mzuzu qual North"]
[Site "Mzuzu"]
[Date "2015.05.31"]
[Round "4.6"]
[White "Mwanza, Moses"]
[Black "Phiri, Patrick"]
[Result "1-0"]
[WhiteElo "1757"]
[BlackElo "1352"]
[PlyCount "50"]
[EventDate "2015.05.23"]
[EventType "swiss"]
[EventRounds "8"]
[EventCountry "MWI"]
[SourceTitle "EXT 2024"]
[Source "ChessBase"]
[SourceDate "2023.10.10"]
[SourceVersion "1"]
[SourceVersionDate "2023.10.10"]
[SourceQuality "1"]

1. e4 e5 2. Bc4 Nf6 3. Nf3 d6 4. Nc3 Be7 5. h3 b6 6. 0-0 Bb7 7. d3 h6 8. Nd5 c6 9. Nxe7 Qxe7 10. b4 0-0 11. Bd2 d5 12. exd5 cxd5 13. Bb3 Nc6 14. a3 Qc7 15. Qc1 Ne7 16. Nh4 e4 17. dxe4 Nxe4 18. Bf4 Qc3 19. Nf3 b5 20. Be5 Qc8 21. Qb2 f6 22. Bh2 Qf5 23. Rae1 g6 24. Qd4 Kg7 25. Re3 Nc6 1-0

[Event "Mzuzu qual North"]
[Site "Mzuzu"]
[Date "2015.05.24"]
[Round "1.11"]
[White "Tembo, Artwell"]
[Black "Mwanza, Moses"]
[Result "1/2-1/2"]
[WhiteElo "1666"]
[BlackElo "1757"]
[PlyCount "84"]
[EventDate "2015.05.23"]
[EventType "swiss"]
[EventRounds "8"]
[EventCountry "MWI"]
[SourceTitle "EXT 2024"]
[Source "ChessBase"]
[SourceDate "2023.10.10"]
[SourceVersion "1"]
[SourceVersionDate "2023.10.10"]
[SourceQuality "1"]

1. d4 g6 2. e4 Bg7 3. e5 d6 4. f4 Nh6 5. Nf3 dxe5 6. fxe5 0-0 7. c3 Bg4 8. Be2 e6 9. 0-0 c6 10. Na3 b5 11. Nc2 Nf5 12. Qe1 Qb6 13. Ne3 Nxe3 14. Bxe3 Nd7 15. Qh4 Bxf3 16. Rxf3 Qd8 17. Qe4 Rc8 18. a4 f5 19. exf6 Nxf6 20. Qxe6+ Kh8 21. axb5 cxb5 22. Rxa7 Ra8 23. Rf7 Re8 24. Qh3 Re7 25. R3xf6 Rxe3 26. Qxe3 Bxf6 27. Qh6 Bxd4+ 28. Kh1 Ra1+ 29. Rf1 Rxf1+ 30. Bxf1 Qf6 31. Qc1 Be3 32. Qd1 Qf2 33. Be2 Bb6 34. Qf1 Qc5 35. Bxb5 Kg7 36. Bc4 Qe7 37. h3 Bc7 38. Qe2 Qd6 39. g4 Qg3 40. Qe7+ Kh6 41. g5+ Kh5 42. Qxh7+ Kxg5 1/2-1/2